La luna no es pan de horno y otras históricas

Uloženo v:
Podrobná bibliografie
Hlavní autor: Antillano, Laura
Médium: Kniha
Jazyk:Undetermined
Vydáno: Caracas, Venezuela Monte Ávila 1988
Témata:
Tagy: Přidat tag
Žádné tagy, Buďte první, kdo vytvoří štítek k tomuto záznamu!

MARC

LEADER 00000nam a2200000Ia 4500
008 170316s9999 xx 000 0 und d
040 |a cru BVZT 
090 |a 860 A-22.1L 
100 |a Antillano, Laura  |9 1019 
245 |a La luna no es pan de horno y otras históricas  |c / Laura Antillano 
260 |a Caracas, Venezuela  |b Monte Ávila  |c 1988 
300 |a 103 páginas 
650 |a LITERATURA LATINOAMERICANA  |9 15 
650 |a CUENTOS  |9 271 
999 |c 8310  |d 8310 
942 |c 15 D  |h 860 A-22.1L  |2 z